[Event "Superettan(Kamraterna-Rockaden,SthlmII)"]
[Site "?"]
[Date "2014.11.22"]
[Round "2"]
[White "Madebrink, Lars"]
[Black "Nikolic, Vladan"]
[Result "1-0"]
[WhiteElo "2178"]
[BlackElo "2027"]
[PlyCount "65"]

1. d4 Nf6 2. c4 g6 3. Nc3 Bg7 4. e4 d6 5. Be2 O-O 6. Bg5 Na6 7. Nf3 c6 8. O-O
e5 9. dxe5 dxe5 10. Nxe5 Qa5 11. Nf3 Re8 12. e5 Ng4 13. Ne4 Nxe5 14. Nf6+ Bxf6
15. Bxf6 Nxf3+ 16. Bxf3 Nc7 17. Qd4 Ne6 18. Qh4 Ng7 19. Bc3 Qd8 20. Qf4 Qe7 21.
Rfe1 Be6 22. b3 f5 23. Rad1 Qf7 24. Qe5 Re7 25. Rd6 Rae8 26. Qd4 a6 27. h3 h6
28. Qh4 Kh7 29. Qf6 Qg8 30. Rd8 Rxd8 31. Qxe7 Rd7 32. Qf6 Qf7 33. Qxg7+ 1-0

[Event "Superettan(Limhamn II-Upsala)"]
[Site "?"]
[Date "2014.11.22"]
[Round "2"]
[White "Andersson, Fredrik"]
[Black "Holst, Conny"]
[Result "1/2-1/2"]
[WhiteElo "2289"]
[BlackElo "2191"]
[PlyCount "37"]

1. d4 d6 2. e4 Nf6 3. Nc3 Nbd7 4. Nf3 e5 5. Bc4 Be7 6. O-O h6 7. Re1 c6 8. a4
Qc7 9. a5 Rg8 10. d5 g5 11. a6 b5 12. Bb3 b4 13. dxc6 bxc3 14. cxd7+ Bxd7 15.
bxc3 Rc8 16. Ba4 Bxa4 17. Rxa4 Qc6 18. Rb4 Qxa6 19. Be3 1/2-1/2

[Event "Superettan(Limhamn II-Upsala)"]
[Site "?"]
[Date "2014.11.22"]
[Round "2"]
[White "Tadjerbashi, Amir"]
[Black "Glimbrant, Torbjorn"]
[Result "1/2-1/2"]
[WhiteElo "2199"]
[BlackElo "2254"]
[PlyCount "86"]

1. e4 c5 2. Nf3 e6 3. Nc3 Nc6 4. d4 cxd4 5. Nxd4 d6 6. g3 Nf6 7. Bg2 Be7 8.
Nxc6 bxc6 9. e5 Nd5 10. exd6 Qxd6 11. Ne4 Qb4+ 12. c3 Qb6 13. c4 Bb4+ 14. Bd2
Ne7 15. O-O O-O 16. Be3 Qa6 17. Qb3 Rb8 18. Bc5 Bxc5 19. Qxb8 Bd4 20. Qc7 Nf5
21. Nd6 Nxd6 22. Qxd6 c5 23. Qxa6 Bxa6 24. Rac1 Bxb2 25. Rb1 Ba3 26. Rb3 Bb4
27. Rc1 h5 28. Rd3 Rb8 29. a3 Ba5 30. Rd7 Bb6 31. a4 Bc8 32. Rdd1 Ba5 33. Rb1
Rb4 34. Rxb4 cxb4 35. c5 Kf8 36. f4 Ke7 37. Kf2 Bc7 38. Bc6 e5 39. fxe5 Bxe5
40. Rb1 Bd4+ 41. Kf3 Bxc5 42. Ke4 Kd6 43. Bb5 Bb7+ 1/2-1/2

[Event "Superettan(Limhamn II-Upsala)"]
[Site "?"]
[Date "2014.11.22"]
[Round "2"]
[White "Johansson, Jan"]
[Black "Mansson, Lars"]
[Result "1/2-1/2"]
[WhiteElo "2370"]
[BlackElo "2215"]
[PlyCount "125"]

1. e4 c6 2. d4 d5 3. Nc3 dxe4 4. Nxe4 Nf6 5. Nxf6+ gxf6 6. c3 Bf5 7. Bc4 e6 8.
Nf3 Qc7 9. Nh4 Bg6 10. Qf3 Nd7 11. Qh3 Bg7 12. f4 f5 13. O-O O-O-O 14. Nf3 Nb6
15. Bb3 c5 16. Be3 c4 17. Bc2 Nd5 18. Ne5 f6 19. Nxg6 hxg6 20. Qg3 g5 21. Rae1
Bf8 22. Bd2 gxf4 23. Qf3 Ne3 24. Bxe3 fxe3 25. Rxe3 Qxh2+ 26. Kf2 Rh4 27. Ke2
Qd6 28. Kd1 Kb8 29. Rxe6 Rxd4+ 30. cxd4 Qxe6 31. Bxf5 Rxd4+ 32. Kc2 Qe5 33. Bg6
Bh6 34. Rd1 a6 35. Rxd4 Qxd4 36. Qg3+ Bf4 37. Qe1 Be5 38. Qc1 Qg4 39. Bh7 Qxg2+
40. Kb1 Bxb2 41. Qxc4 Be5 42. Qg8+ Qxg8 43. Bxg8 Kc7 44. Kc2 Kd6 45. Kd3 Kc5
46. Be6 b5 47. Bf5 a5 48. Be6 Kd6 49. Bf5 Bg3 50. Kd4 Bf2+ 51. Kd3 Ke5 52. Bd7
b4 53. Bc6 f5 54. Bd7 Bg1 55. Bc6 Kf4 56. Kc4 Bf2 57. Kb5 Be1 58. Bd5 Kg3 59.
Bb3 f4 60. Kxa5 f3 61. Ka4 f2 62. Bc4 Kg2 63. a3 1/2-1/2

[Event "Superettan(Limhamn II-Upsala)"]
[Site "?"]
[Date "2014.11.22"]
[Round "2"]
[White "Nylen, Anders"]
[Black "Malm Lindberg, Henrik"]
[Result "1/2-1/2"]
[WhiteElo "2096"]
[BlackElo "2240"]
[PlyCount "62"]

1. d4 Nf6 2. c4 e6 3. Nc3 Bb4 4. e3 O-O 5. Nge2 d5 6. cxd5 exd5 7. a3 Bd6 8.
Ng3 c5 9. dxc5 Bxc5 10. b4 Bb6 11. Na4 Bc7 12. Bb2 Nc6 13. Be2 Re8 14. O-O Ne5
15. Qd4 Bg4 16. Bb5 Re7 17. Rfe1 h5 18. f4 h4 19. Nf1 Nc6 20. Qc3 d4 21. exd4
Nd5 22. Qc5 Bxf4 23. Bxc6 bxc6 24. Rxe7 Qxe7 25. Qxe7 Nxe7 26. Bc1 Nd5 27. h3
Bf5 28. Kf2 Re8 29. Nc5 g5 30. Bxf4 Nxf4 31. Ne3 Bc8 1/2-1/2

[Event "Superettan(Limhamn II-Upsala)"]
[Site "?"]
[Date "2014.11.22"]
[Round "2"]
[White "Burwick, Malte"]
[Black "Karlsson, Ulf"]
[Result "1-0"]
[WhiteElo "2228"]
[BlackElo "2013"]
[PlyCount "59"]

1. Nf3 d5 2. g3 c5 3. Bg2 Nc6 4. O-O Nf6 5. d3 g6 6. Nbd2 Bg7 7. e4 dxe4 8.
dxe4 O-O 9. c3 Bg4 10. h3 Bxf3 11. Qxf3 Rc8 12. Qe3 b6 13. f4 e5 14. f5 Nh5 15.
Rf2 Bf6 16. Bf1 g5 17. Qf3 Ng7 18. a4 Na5 19. b3 Ne8 20. Rb1 Nd6 21. Ba6 Rc7
22. Qg4 Kh8 23. Nf3 Rg8 24. Rd2 Qe7 25. Rd5 c4 26. Ba3 Rd7 27. bxc4 Rgd8 28.
Rbd1 Qf8 29. Bb5 Be7 30. f6 1-0

[Event "Superettan(Limhamn II-Upsala)"]
[Site "?"]
[Date "2014.11.22"]
[Round "2"]
[White "Mansson, Peter"]
[Black "Johansson, Thomas"]
[Result "0-1"]
[WhiteElo "2140"]
[BlackElo "2201"]
[PlyCount "104"]

1. e4 e6 2. Nf3 d5 3. Nc3 Nf6 4. e5 Nfd7 5. d4 c5 6. dxc5 Nc6 7. Bf4 Bxc5 8.
Bd3 h6 9. Qe2 a6 10. O-O-O b5 11. Kb1 Bb7 12. Rhe1 g5 13. Bg3 Bb4 14. Nd2 Bxc3
15. bxc3 Nc5 16. Nb3 Na4 17. Qd2 Qe7 18. Ka1 Qa3 19. Qc1 Qxc1+ 20. Rxc1 Rc8 21.
f4 Nxc3 22. Nc5 Na5 23. Nxb7 Nxb7 24. f5 Nc5 25. fxe6 fxe6 26. Bg6+ Ke7 27. Re3
b4 28. Rf3 Rhf8 29. Rcf1 Rxf3 30. gxf3 Ne2 31. f4 Nxf4 32. Bxf4 gxf4 33. Rxf4
a5 34. Rf7+ Kd8 35. Rh7 Nd7 36. Bf7 Nf8 37. Rxh6 Ke7 38. Bg6 Nxg6 39. Rxg6 Rxc2
40. h4 Rc4 41. h5 Re4 42. Rg5 Rh4 43. Rg7+ Kf8 44. Rg6 Kf7 45. Rf6+ Ke7 46. Rh6
Re4 47. Rh7+ Kf8 48. Ra7 Rxe5 49. h6 Rh5 50. h7 Rh2 51. Kb1 a4 52. Rd7 a3 0-1

[Event "Superettan(Limhamn II-Upsala)"]
[Site "?"]
[Date "2014.11.22"]
[Round "2"]
[White "Thorgeirsson, Sverrir"]
[Black "Ollen, Martin"]
[Result "1-0"]
[WhiteElo "2237"]
[BlackElo "1927"]
[PlyCount "85"]

1. d4 Nf6 2. c4 g6 3. Nc3 Bg7 4. e4 d6 5. Nf3 O-O 6. Be2 e5 7. Be3 Nc6 8. d5
Ne7 9. Nd2 Nd7 10. O-O f5 11. f3 f4 12. Bf2 g5 13. b4 Ng6 14. c5 Nf6 15. Nc4 h5
16. cxd6 cxd6 17. Nb5 g4 18. Nbxd6 g3 19. Bc5 b6 20. Nxc8 bxc5 21. N8d6 gxh2+
22. Kxh2 cxb4 23. a3 bxa3 24. Rxa3 h4 25. Ra6 Nh5 26. Nf5 Qg5 27. Rxg6 Qxg6 28.
Ne7+ Kh7 29. Nxg6 Kxg6 30. Qa4 Ng3 31. Re1 Bf6 32. Qc6 Kg5 33. Qe6 Rae8 34.
Qg4+ Kh6 35. Nd6 Re7 36. Nf5+ Nxf5 37. Qxf5 Rg7 38. Rc1 Rg5 39. Qe6 Rg6 40. Rc8
Bd8 41. Qxe5 h3 42. gxh3 Rfg8 43. Rc6 1-0

[Event "Superettan(Limhamn II-Upsala)"]
[Site "?"]
[Date "2014.11.22"]
[Round "2"]
[White "Nurmi, Tommy"]
[Black "Marttala, Thomas"]
[Result "0-1"]
[WhiteElo "2061"]
[BlackElo "2161"]
[PlyCount "57"]

1. d4 Nf6 2. Nf3 e6 3. c3 b6 4. Bg5 Bb7 5. Nbd2 d5 6. e3 Be7 7. Bb5+ Nfd7 8.
Bxe7 Qxe7 9. O-O O-O 10. Re1 f5 11. Rc1 Qd6 12. Qc2 a6 13. Bf1 c5 14. c4 Nc6
15. cxd5 exd5 16. dxc5 Nxc5 17. Nd4 Rac8 18. N2f3 Ne4 19. Qb1 f4 20. Nxc6 fxe3
21. Rxe3 Rxc6 22. Rxc6 Qxc6 23. Bd3 Qf6 24. h4 h6 25. Re2 Qf4 26. Qe1 Nc5 27.
Qd2 Qf6 28. Bb1 Ne4 29. Qd4 0-1

[Event "Superettan(Rockaden,Umea-Manhem)"]
[Site "?"]
[Date "2014.11.22"]
[Round "2"]
[White "Hultin, Johan"]
[Black "Malmstig, Erik"]
[Result "1-0"]
[WhiteElo "2346"]
[BlackElo "2257"]
[PlyCount "75"]

1. Nf3 c5 2. g3 Nf6 3. Bg2 Nc6 4. d4 e6 5. O-O Qb6 6. dxc5 Bxc5 7. c4 Ne4 8. e3
f5 9. Nfd2 Nxd2 10. Qxd2 Be7 11. b3 Ne5 12. Bb2 Bf6 13. Bd4 Qd8 14. Nc3 Nc6 15.
Bxf6 Qxf6 16. Nb5 O-O 17. Rad1 Qe5 18. Nd6 Rd8 19. e4 fxe4 20. Rfe1 Qa5 21. Qe2
Qc5 22. Qxe4 b6 23. Qh4 Rf8 24. Re3 Ba6 25. Be4 h6 26. Bb1 Qg5 27. Qe4 g6 28.
Qxg6+ Qxg6 29. Bxg6 Rad8 30. f4 Ne7 31. Be4 Kg7 32. Bb7 Bxb7 33. Nxb7 Rb8 34.
Rxd7 Kf6 35. Nd6 a5 36. Ne4+ Kf7 37. f5 e5 38. f6 1-0

[Event "Superettan(Rockaden,Umea-Manhem)"]
[Site "?"]
[Date "2014.11.22"]
[Round "2"]
[White "Wickstrom, Lucas"]
[Black "Welin, Mats"]
[Result "1/2-1/2"]
[WhiteElo "2340"]
[BlackElo "2304"]
[PlyCount "66"]

1. d4 Nf6 2. c4 e6 3. Nf3 d5 4. Nc3 Be7 5. Bg5 h6 6. Bh4 O-O 7. e3 b6 8. g4 Ne4
9. Bxe7 Qxe7 10. h4 c5 11. g5 cxd4 12. Nxe4 dxe4 13. Nxd4 Rd8 14. Qb3 e5 15.
Nb5 hxg5 16. hxg5 Be6 17. Bg2 Na6 18. Bxe4 Rac8 19. Bh7+ Kf8 20. Bf5 Qxg5 21.
Bxe6 fxe6 22. Rd1 Nc5 23. Qc2 e4 24. Rh8+ Ke7 25. Rdxd8 Rxd8 26. Rxd8 Qg1+ 27.
Ke2 Kxd8 28. Nc3 Qg2 29. Qd2+ Ke7 30. Qd4 Qf3+ 31. Kf1 Qh1+ 32. Ke2 Qf3+ 33.
Kf1 Qh1+ 1/2-1/2

[Event "Superettan(Rockaden,Umea-Manhem)"]
[Site "?"]
[Date "2014.11.22"]
[Round "2"]
[White "Winsnes, Rikard"]
[Black "Forsberg, Viktor"]
[Result "1/2-1/2"]
[WhiteElo "2401"]
[BlackElo "2330"]
[PlyCount "53"]

1. e4 e5 2. Nf3 Nc6 3. Bb5 a6 4. Ba4 Nf6 5. O-O Be7 6. Re1 b5 7. Bb3 d6 8. c3
O-O 9. h3 Nb8 10. d4 Nbd7 11. Nbd2 Bb7 12. Bc2 Re8 13. Nf1 Bf8 14. Ng3 g6 15.
a4 c5 16. d5 c4 17. Bg5 h6 18. Be3 Nc5 19. Rf1 Bg7 20. Qd2 h5 21. Ng5 Rf8 22.
Kh1 Nfd7 23. Qd1 Qe7 24. f4 exf4 25. Bxf4 Be5 26. h4 Nf6 27. Qd2 1/2-1/2

[Event "Superettan(Rockaden,Umea-Manhem)"]
[Site "?"]
[Date "2014.11.22"]
[Round "2"]
[White "Lindgren, Fredrik"]
[Black "Moberg, Karl Johan"]
[Result "1/2-1/2"]
[WhiteElo "2233"]
[BlackElo "2292"]
[PlyCount "46"]

1. d4 Nf6 2. Nf3 g6 3. c4 Bg7 4. Nc3 d5 5. cxd5 Nxd5 6. e4 Nxc3 7. bxc3 c5 8.
Be3 Qa5 9. Qd2 O-O 10. Rc1 cxd4 11. cxd4 Qxd2+ 12. Kxd2 Rd8 13. Bc4 Nc6 14. d5
Na5 15. Rhd1 Nxc4+ 16. Rxc4 e6 17. Ke1 exd5 18. exd5 Bd7 19. Rc7 Ba4 20. Rd3
Bb5 21. Rd1 Ba4 22. Rd3 Bb5 23. Rd1 Ba4 1/2-1/2

[Event "Superettan(Rockaden,Umea-Manhem)"]
[Site "?"]
[Date "2014.11.22"]
[Round "2"]
[White "Akesson, Joel"]
[Black "Eriksson, Jorgen"]
[Result "1/2-1/2"]
[WhiteElo "2290"]
[BlackElo "2226"]
[PlyCount "72"]

1. c4 c5 2. g3 Nc6 3. Bg2 e5 4. Nc3 d6 5. a3 Nge7 6. d3 h6 7. Nf3 g6 8. O-O Bg7
9. Ne1 O-O 10. Nc2 Be6 11. Ne3 Qd7 12. Ned5 Kh7 13. Qa4 Bh3 14. Nxe7 Bxg2 15.
Kxg2 Qxe7 16. Nd5 Qd7 17. Rb1 Rad8 18. b4 b6 19. e4 f5 20. f3 Rc8 21. Be3 Rf7
22. Qb3 Qe6 23. a4 Nxb4 24. Nxb4 cxb4 25. Qxb4 fxe4 26. fxe4 Rcf8 27. Qd2 Rxf1
28. Rxf1 Rxf1 29. Kxf1 Qf7+ 30. Kg2 Qc7 31. Qb4 Bf6 32. h4 h5 33. Qb5 Kg7 34.
Qa6 Kh7 35. Qb5 Kg7 36. Qa6 Kh7 1/2-1/2

[Event "Superettan(Rockaden,Umea-Manhem)"]
[Site "?"]
[Date "2014.11.22"]
[Round "2"]
[White "Nygren, David"]
[Black "Fendrich, David"]
[Result "1/2-1/2"]
[WhiteElo "2183"]
[BlackElo "2168"]
[PlyCount "55"]

1. e4 d6 2. d4 e5 3. Nc3 exd4 4. Qxd4 Ne7 5. Bg5 Nbc6 6. Bb5 a6 7. Bxc6+ Nxc6
8. Qd2 f6 9. Be3 Be6 10. f4 Qd7 11. Nf3 Be7 12. Nd5 f5 13. exf5 Bxf5 14. O-O
O-O 15. Nd4 Nxd4 16. Qxd4 Bd8 17. c4 Qf7 18. Rad1 Bf6 19. Qd2 Rae8 20. c5 Be4
21. Nxf6+ Qxf6 22. cxd6 Qxd6 23. Qxd6 cxd6 24. Rfe1 d5 25. g3 Rc8 26. Rc1 Kf7
27. Bd4 g6 28. Be5 1/2-1/2

[Event "Superettan(Rockaden,Umea-Manhem)"]
[Site "?"]
[Date "2014.11.22"]
[Round "2"]
[White "Landgren, Philip"]
[Black "Magnussen, Helge"]
[Result "1/2-1/2"]
[WhiteElo "2247"]
[BlackElo "2112"]
[PlyCount "110"]

1. Nf3 e6 2. c4 d5 3. g3 Nf6 4. Bg2 Be7 5. O-O O-O 6. b3 c5 7. Bb2 Nc6 8. e3 d4
9. exd4 cxd4 10. Re1 Ne8 11. Ne5 Nxe5 12. Rxe5 f6 13. Re1 e5 14. Ba3 Nd6 15. d3
Rb8 16. Qc2 Bd7 17. Nd2 Bc6 18. Rac1 Bxg2 19. Kxg2 Qd7 20. Qd1 b6 21. Bxd6 Bxd6
22. Qf3 Ba3 23. Rc2 Bb4 24. Rd1 g6 25. Nb1 Qe7 26. Re2 Kg7 27. Qe4 Rbe8 28. Nd2
Qd7 29. Nf3 Re7 30. Rc1 Rfe8 31. g4 f5 32. gxf5 gxf5 33. Qd5 Kf6 34. Nd2 Rd8
35. Qf3 Rg8+ 36. Kh1 Qb7 37. Ne4+ Ke6 38. Qh3 Rf7 39. f3 Ke7 40. Nd2 Bxd2 41.
Rxd2 Kd6 42. b4 Qe7 43. c5+ bxc5 44. Rdc2 Qb7 45. bxc5+ Kc6 46. Qh6+ Rg6 47.
Qd2 Qa6 48. Qe2 Rfg7 49. Rc4 Qa3 50. Qxe5 Qxd3 51. Qe8+ Kc7 52. Qe5+ Kc8 53.
Qe8+ Kc7 54. Qe5+ Kc8 55. Qe8+ Kc7 1/2-1/2

[Event "Superettan(Rockaden,Umea-Manhem)"]
[Site "?"]
[Date "2014.11.22"]
[Round "2"]
[White "Mardell, Jimmy"]
[Black "Al Hadarani, Hatim"]
[Result "0-1"]
[WhiteElo "2141"]
[BlackElo "2279"]
[PlyCount "60"]

1. e4 c6 2. d4 g6 3. Nc3 d5 4. Nf3 Bg7 5. Be2 Bg4 6. Be3 dxe4 7. Nxe4 Nh6 8.
Ng3 Nf5 9. Nxf5 Bxf5 10. O-O Nd7 11. Bf4 Qb6 12. b3 Rd8 13. c3 O-O 14. Qd2 Nf6
15. Be5 Ne4 16. Qb2 Bh6 17. h3 f6 18. Bh2 c5 19. Rad1 cxd4 20. Nxd4 e5 21. Nxf5
gxf5 22. Bc4+ Kh8 23. Bd3 Nd2 24. Rxd2 Bxd2 25. Bxf5 Qc6 26. c4 Rg8 27. f3 Be3+
28. Kh1 Rd2 29. Qc3 Rgxg2 30. Bxe5 Rg1+ 0-1

[Event "Superettan(Orebro-Schack 08)"]
[Site "?"]
[Date "2014.11.22"]
[Round "2"]
[White "Renman, Nils-Gustaf"]
[Black "Nygren, Kim"]
[Result "1-0"]
[WhiteElo "2225"]
[BlackElo "2334"]
[PlyCount "63"]

1. d4 f5 2. g3 Nf6 3. Bg2 e6 4. c4 Bb4+ 5. Nd2 O-O 6. Ngf3 d6 7. O-O Bxd2 8.
Bxd2 Qe7 9. Qc2 e5 10. Rad1 e4 11. Nh4 Nc6 12. Bg5 Bd7 13. f3 exf3 14. exf3 Qf7
15. d5 Ne5 16. Rfe1 h6 17. Bxf6 Qxf6 18. f4 Nf7 19. Nf3 Rae8 20. Qd2 g5 21. Qd4
Qg6 22. Qxa7 gxf4 23. gxf4 Re4 24. Rxe4 fxe4 25. Ne1 Qf6 26. Qd4 Qxf4 27. Nd3
Qg5 28. Qxe4 Bf5 29. Qf4 Qg6 30. Qg3 Bg4 31. Nf4 Qf5 32. Ne6 1-0

[Event "Superettan(Orebro-Schack 08)"]
[Site "?"]
[Date "2014.11.22"]
[Round "2"]
[White "Gruvaeus, Curt"]
[Black "Ingbrant, Johan"]
[Result "1-0"]
[WhiteElo "2300"]
[BlackElo "2358"]
[PlyCount "87"]

1. d4 e6 2. g3 c5 3. Nf3 b5 4. a4 b4 5. Nbd2 Bb7 6. dxc5 Bxc5 7. Nb3 Be7 8. a5
Nf6 9. Bg2 O-O 10. O-O Na6 11. Nfd4 Bxg2 12. Kxg2 Qc7 13. f3 d5 14. Be3 Rfc8
15. Qd2 Qd7 16. Qd3 Rc4 17. Rfc1 Rac8 18. Bf2 Nc5 19. Nxc5 Bxc5 20. Nb3 Bxf2
21. Kxf2 e5 22. c3 bxc3 23. bxc3 Qh3 24. Kg1 h5 25. Nd2 R4c6 26. Nf1 h4 27. g4
d4 28. Qf5 e4 29. Qf4 Nd5 30. Qxe4 Nxc3 31. Rxc3 dxc3 32. Rc1 g6 33. Ne3 f5 34.
Qd5+ Kh7 35. Qd7+ Kh6 36. Qd4 Re6 37. Rxc3 Rxc3 38. Qxc3 f4 39. Qh8+ Kg5 40.
Qd8+ Kh6 41. Nd5 Rxe2 42. Qh8+ Kg5 43. Qf6+ Kh6 44. g5+ 1-0

[Event "Superettan(Orebro-Schack 08)"]
[Site "?"]
[Date "2014.11.22"]
[Round "2"]
[White "Faldt, Magnus"]
[Black "Zetterberg, Staffan"]
[Result "1/2-1/2"]
[WhiteElo "2194"]
[BlackElo "2200"]
[PlyCount "75"]

1. d4 Nf6 2. c4 c5 3. d5 b5 4. cxb5 a6 5. bxa6 g6 6. Nc3 Bxa6 7. Nf3 Bg7 8. e4
Bxf1 9. Kxf1 d6 10. g3 O-O 11. Kg2 Nbd7 12. h3 Ra6 13. Re1 Qa8 14. Re2 Nb6 15.
Bg5 Na4 16. Bxf6 Bxf6 17. e5 Bg7 18. Qd2 e6 19. Rd1 Nb6 20. exd6 Nc4 21. Qd3
exd5 22. Qxd5 Nxd6 23. Ne5 Nf5 24. Nd7 Rd8 25. Qxa8 Raxa8 26. Nxc5 Rxd1 27.
Nxd1 Nd4 28. Re4 f5 29. Re3 Rxa2 30. Ra3 Rxa3 31. bxa3 Bf8 32. Nd3 Bxa3 33. Ne3
Bf8 34. f4 h6 35. g4 fxg4 36. hxg4 Kh7 37. Kf2 Bd6 38. Nc4 1/2-1/2

[Event "Superettan(Orebro-Schack 08)"]
[Site "?"]
[Date "2014.11.22"]
[Round "2"]
[White "Drugge, Patrick"]
[Black "Rosberg, Simon"]
[Result "1-0"]
[WhiteElo "2175"]
[BlackElo "2260"]
[PlyCount "73"]

1. e4 c5 2. Nc3 e6 3. g3 Nc6 4. Bg2 Nf6 5. d3 d5 6. exd5 exd5 7. Nge2 Be7 8.
O-O d4 9. Ne4 Nxe4 10. Bxe4 Bg4 11. f3 Bc8 12. c3 O-O 13. Nf4 Kh8 14. Re1 Bg5
15. Qb3 dxc3 16. bxc3 Ne5 17. Qd5 Qxd5 18. Nxd5 Bxc1 19. Raxc1 f5 20. d4 fxe4
21. dxe5 exf3 22. Kf2 Bd7 23. e6 Bc6 24. e7 Rfc8 25. Rcd1 Kg8 26. Kxf3 Kf7 27.
Kf2 Ke8 28. Nf4 Ba4 29. Rd5 c4 30. Ne6 Bc6 31. Rf5 g6 32. Ng7+ Kd7 33. Rf7 Kd6
34. Rd1+ Kc5 35. Ne6+ Kb6 36. Nd8 Kc7 37. e8=Q+ 1-0

[Event "Superettan(Orebro-Schack 08)"]
[Site "?"]
[Date "2014.11.22"]
[Round "2"]
[White "Ottenklev, Niclas"]
[Black "Selimian, Hrayr"]
[Result "0-1"]
[WhiteElo "2146"]
[BlackElo "2174"]
[PlyCount "92"]

1. f4 c5 2. Nf3 Nf6 3. g3 g6 4. Bg2 Bg7 5. O-O d5 6. d3 O-O 7. Qe1 d4 8. c3 Nc6
9. Na3 Be6 10. Nc2 Rc8 11. h3 Qd7 12. Ng5 Bd5 13. Bxd5 Nxd5 14. e4 dxe3 15.
Nxe3 Nf6 16. Kh2 Qxd3 17. Qf2 Rcd8 18. Ng2 b6 19. Be3 h6 20. Nf3 Ne4 21. Qg1
Qe2 22. Rab1 e5 23. Nfh4 exf4 24. gxf4 Rfe8 25. Rfe1 Qh5 26. Qf1 Bf6 27. Nf3
Ne7 28. Ng1 Nf5 29. Rbd1 Nxe3 30. Nxe3 Bh4 31. Rxd8 Rxd8 32. Rd1 Rxd1 33. Nxd1
Qd5 34. Ne3 Qd2+ 35. Qe2 Bg3+ 36. Kg2 Bxf4 37. Qxd2 Nxd2 38. Nd5 Bd6 39. Nf6+
Kf8 40. b3 Ke7 41. Nd5+ Ke6 42. c4 f5 43. Kf2 g5 44. Ke3 Ne4 45. Nf3 Nf6 46.
Ng1 Nxd5+ 0-1

[Event "Superettan(Orebro-Schack 08)"]
[Site "?"]
[Date "2014.11.22"]
[Round "2"]
[White "Blomstrom, Lars"]
[Black "Schutz, Ingemar"]
[Result "1/2-1/2"]
[WhiteElo "2147"]
[BlackElo "2188"]
[PlyCount "60"]

1. e4 c5 2. Nc3 Nc6 3. g3 g6 4. Bg2 Bg7 5. d3 d6 6. Be3 Rb8 7. Qd2 b5 8. Nge2
b4 9. Nd1 Nd4 10. O-O Nxe2+ 11. Qxe2 e5 12. f4 f6 13. a3 a5 14. axb4 axb4 15.
c3 Ne7 16. fxe5 fxe5 17. Qd2 Rf8 18. Nf2 Be6 19. Bh6 bxc3 20. bxc3 Bxh6 21.
Qxh6 Rf7 22. Nh3 Ng8 23. Qd2 h6 24. Rxf7 Bxf7 25. Nf2 Qb6 26. Bh3 Qb2 27. Qxb2
Rxb2 28. Ra8+ Ke7 29. Ra7+ Kf8 30. Ra6 Ke7 1/2-1/2

[Event "Superettan(Orebro-Schack 08)"]
[Site "?"]
[Date "2014.11.22"]
[Round "2"]
[White "Arvidsson, Tomas"]
[Black "Jonsson, Krister"]
[Result "1-0"]
[WhiteElo "1992"]
[BlackElo "2095"]
[PlyCount "35"]

1. e4 c5 2. Nc3 Nc6 3. g3 g6 4. Bg2 Bg7 5. f4 d6 6. d3 Rb8 7. Nf3 b5 8. O-O e6
9. Nh4 b4 10. Ne2 Nd4 11. Nxd4 Bxd4+ 12. Kh1 Ne7 13. Qe1 f5 14. e5 c4 15. Nf3
dxe5 16. c3 bxc3 17. bxc3 Bc5 18. Qxe5 1-0

[Event "Superettan(Orebro-Schack 08)"]
[Site "?"]
[Date "2014.11.22"]
[Round "2"]
[White "Sundelius, Per"]
[Black "Andersson, Bo"]
[Result "1/2-1/2"]
[WhiteElo "2063"]
[BlackElo "2008"]
[PlyCount "52"]

1. e4 c5 2. Nf3 e6 3. Nc3 Nc6 4. Be2 Nf6 5. O-O Be7 6. Re1 d5 7. exd5 Nxd5 8.
Ne4 O-O 9. d4 cxd4 10. Nxd4 Nxd4 11. Qxd4 Nb4 12. Qxd8 Rxd8 13. Bd1 b6 14. a3
Bb7 15. Bg5 Bxg5 16. Nxg5 Nd5 17. Bf3 Rac8 18. Rac1 Ba6 19. Ne4 h6 20. Red1 f5
21. Ng3 Nf4 22. Rxd8+ Rxd8 23. Rd1 Rc8 24. Rd2 g5 25. h3 Rc7 26. Ne2 Nxe2+
1/2-1/2

[Event "Superettan(Schack 08-Kamraterna)"]
[Site "?"]
[Date "2014.11.23"]
[Round "3"]
[White "Aberg, Anton"]
[Black "Rosberg, Simon"]
[Result "1-0"]
[WhiteElo "2388"]
[BlackElo "2260"]
[PlyCount "135"]

1. d4 d5 2. Nf3 Nf6 3. c4 c6 4. e3 Bg4 5. h3 Bxf3 6. gxf3 e6 7. Nc3 Be7 8. Be2
O-O 9. O-O Nbd7 10. b3 Rc8 11. Bb2 dxc4 12. Bxc4 Nd5 13. f4 f5 14. Qf3 Rf6 15.
Rfc1 Rg6+ 16. Kh1 Rh6 17. Bf1 Bd6 18. Bg2 Nf8 19. Rg1 Ng6 20. Nxd5 exd5 21. Bf1
Qe7 22. Bd3 Nh4 23. Qe2 Rf8 24. Qc2 Qe6 25. Rg3 Ng6 26. Rag1 Be7 27. Kh2 Rf7
28. Bc1 Kh8 29. Qe2 Nf8 30. Qc2 Nd7 31. Rh1 Rh5 32. Be2 Rh4 33. Bd3 Rh5 34. Be2
Rh6 35. Bd3 g6 36. Kg1 Nf6 37. f3 Bd6 38. Rg2 Qe8 39. Kf2 Re7 40. Rgg1 Rh5 41.
Bd2 Nd7 42. b4 Re6 43. a4 a6 44. Qb2 Kg8 45. Qb3 b5 46. a5 Nf6 47. Rg3 Qd7 48.
Rhg1 Be7 49. Ke2 Ne8 50. Kd1 Nd6 51. Qc2 Kf7 52. Kc1 Qe8 53. Kb1 Bh4 54. R3g2
Bf6 55. Bf1 Rxh3 56. Rxg6 hxg6 57. Bxh3 Nc4 58. Bc1 Rxe3 59. Bxf5 gxf5 60. Qxf5
Re2 61. Qh7+ Ke6 62. f5+ Kd6 63. Bf4+ Ne5 64. dxe5+ Rxe5 65. Rg6 Qf8 66. Rxf6+
Qxf6 67. Qg6 Ke7 68. Bg5 1-0

[Event "Superettan(Schack 08-Kamraterna)"]
[Site "?"]
[Date "2014.11.23"]
[Round "3"]
[White "Ingbrant, Johan"]
[Black "Svensson, Bengt"]
[Result "1-0"]
[WhiteElo "2358"]
[BlackElo "2350"]
[PlyCount "101"]

1. b3 e5 2. Bb2 Nc6 3. e3 Nf6 4. Bb5 Bd6 5. Ne2 a6 6. Bxc6 dxc6 7. d3 Qe7 8.
Nd2 b5 9. O-O h5 10. e4 c5 11. a4 Rb8 12. axb5 axb5 13. Ra7 h4 14. Qa1 Nh5 15.
f4 Bg4 16. fxe5 Bxe2 17. Rf5 O-O 18. exd6 Qxd6 19. Ra6 Rb6 20. Rxb6 cxb6 21.
Qe1 Bg4 22. Rf2 h3 23. Qe3 Qg6 24. gxh3 Bxh3+ 25. Kh1 Qg4 26. Qf3 f6 27. Qxg4
Bxg4 28. Nf1 Ra8 29. Kg2 Ra2 30. Bc1 Be6 31. Ne3 Kf7 32. Nf5 b4 33. Be3 g6 34.
Nh4 Kg7 35. d4 cxd4 36. Bxd4 g5 37. Nf5+ Bxf5 38. exf5 Nf4+ 39. Kf3 b5 40. h4
Kf7 41. Kg4 Ra6 42. hxg5 fxg5 43. Rh2 Rd6 44. Be5 Rd1 45. Kxg5 Nd5 46. Rh7+ Kg8
47. Rg7+ Kf8 48. f6 Ne3 49. Rb7 Nxc2 50. Kg6 Rg1+ 51. Kf5 1-0

[Event "Superettan(Schack 08-Kamraterna)"]
[Site "?"]
[Date "2014.11.23"]
[Round "3"]
[White "Svenn, Gosta"]
[Black "Schutz, Ingemar"]
[Result "1-0"]
[WhiteElo "2288"]
[BlackElo "2188"]
[PlyCount "85"]

1. d4 Nf6 2. c4 g6 3. Nc3 Bg7 4. e4 O-O 5. Nf3 d6 6. Be2 e5 7. O-O exd4 8. Nxd4
Re8 9. Bf3 Nbd7 10. Re1 c6 11. h3 Qb6 12. Nb3 Ne5 13. Be2 Be6 14. Be3 Qc7 15.
c5 d5 16. f4 Nc4 17. Bxc4 dxc4 18. Nd4 Rad8 19. Nxe6 Rxe6 20. Qf3 Qe7 21. e5
Nd5 22. Ne4 h6 23. Nd6 c3 24. bxc3 f6 25. Rab1 b5 26. Bd4 fxe5 27. Bxe5 Rf8 28.
Qg3 Kh7 29. c4 Bxe5 30. fxe5 Nf4 31. cxb5 Rxe5 32. Kh2 Rxe1 33. Rxe1 Ne2 34.
Rxe2 Qxe2 35. bxc6 Qe7 36. Qc3 h5 37. Qd4 h4 38. Nc4 Qg5 39. Qd7+ Kh6 40. Qd2
Rf4 41. c7 Qg3+ 42. Kg1 g5 43. c8=Q 1-0

[Event "Superettan(Schack 08-Kamraterna)"]
[Site "?"]
[Date "2014.11.23"]
[Round "3"]
[White "Renman, Nils-Gustaf"]
[Black "Hamark, Jesper"]
[Result "1/2-1/2"]
[WhiteElo "2334"]
[BlackElo "2352"]
[PlyCount "89"]

1. d4 d6 2. Nf3 g6 3. c4 Bg7 4. Nc3 Bg4 5. e3 c5 6. Be2 Nc6 7. d5 Bxf3 8. gxf3
Bxc3+ 9. bxc3 Ne5 10. e4 Qa5 11. Qc2 Nd7 12. h4 Ngf6 13. Bh6 O-O-O 14. a4 Nb6
15. Kd2 Rd7 16. Rhb1 a6 17. f4 Kb8 18. e5 Nh5 19. Qb3 Ka7 20. Kc2 Rb8 21. Rg1
e6 22. Rgd1 exd5 23. cxd5 c4 24. Qb4 Qxb4 25. cxb4 dxe5 26. fxe5 Nxd5 27. Bxc4
Rbd8 28. Kb3 Ndf4 29. Rxd7 Rxd7 30. Re1 Kb8 31. Re4 Ne6 32. Kc3 Kc8 33. Be3
Nhg7 34. Bb6 Nc7 35. Rf4 Nf5 36. Bxc7 Rxc7 37. Kb3 Kd8 38. h5 Ke7 39. a5 Rd7
40. Kc3 Rd1 41. Bb3 Rd7 42. Rf3 f6 43. hxg6 hxg6 44. exf6+ Kxf6 45. Rd3 1/2-1/2